000 00585nam a2200193Ia 4500
003 GCL
008 140319s9999 xx 000 0 ara d
040 _aGCL /
_cGCL
082 0 4 _a370.11
_bج ا
100 1 _aجودت احمد سعادة
245 1 0 _aاستخدام الاهداف التعليمية فى جميع المواد الدراسية /
_cجودت احمد سعادة
300 _a414 ص
490 _a
650 0 4 _aالتعليم
650 0 4 _aالبحوث التربوية
650 0 4 _aالاهداف
650 0 4 _aالتعليم - تدريب
942 _2ddc
_cBK
999 _c39801
_d39801